000 00617nam a2200181Ia 4500
003 GCL
008 140319s9999 xx 000 0 ara d
040 _aGCL /
_cGCL
082 0 4 _a237.7
_bم ا
100 1 _aمحيى الدين ابى زكريا يحى
245 1 0 _aالاربعون النووية فى الاحاديث الصحيحة النبوية /
_cمحيى الدين ابى زكريا يحى
260 _a[S.N] :
_bدار الطباعة والنشر الاسلامية ،
_c1990
300 _a26 ص
490 _a
650 0 4 _aالحديث
650 0 4 _aالاربعون حديثا
942 _2ddc
_cBK
999 _c58699
_d58699